Book of coffee and tea (Record no. 34904)

MARC details
000 -LEADER
fixed length control field 00354nam a2200145Ia 4500
082 ## - DEWEY DECIMAL CLASSIFICATION NUMBER
Classification number 633.73+633.72
Item number SCH
100 ## - MAIN ENTRY--AUTHOR NAME
Personal name SCHADIRA, David
245 #0 - TITLE STATEMENT
Title Book of coffee and tea
260 ## - PUBLICATION, DISTRIBUTION, ETC. (IMPRINT)
Place of publication New York
Name of publisher St Martin
Year of publication 1975
650 ## - SUBJECT ADDED ENTRY--TOPICAL TERM
Topical Term Coffee
650 ## - SUBJECT ADDED ENTRY--TOPICAL TERM
Topical Term Herbal teas
650 ## - SUBJECT ADDED ENTRY--TOPICAL TERM
Topical Term Tea history
942 ## - ADDED ENTRY ELEMENTS (KOHA)
Koha item type Books
Holdings
Withdrawn status Lost status Damaged status Not for loan Home library Current library Date acquired Full call number Accession Number Koha item type
        RRII Library RRII Library 16/12/2021 633.73+633.72 SCH 15331 Books